| Tag |
First Indicator |
Second Indicator |
Subfields |
| LEADER |
00000cam a2200000Ia 4500 |
| 001 |
in00002087313 |
| 005 |
20151102165801.0 |
| 008 |
050909s1962 no ab b 000 0 nor d |
| 035 |
|
|
|a (OCoLC)ocm61464681
|
| 040 |
|
|
|a TXA
|c TXA
|d UtOrBLW
|
| 043 |
|
|
|a e-no---
|a ln-----
|
| 049 |
|
|
|a TXAM
|
| 090 |
|
|
|a SH1
|b .F835 1962 nr.4
|
| 245 |
0 |
0 |
|a Toktrapporter trykt i "Fiskets Gang" i 1962.
|
| 264 |
|
1 |
|a Bergen, Norway :
|b Havforskningsinstituttet,
|c 1962.
|
| 300 |
|
|
|a 25 pages :
|b illustrations, maps ;
|c 30 cm.
|
| 336 |
|
|
|a text
|b txt
|2 rdacontent
|
| 337 |
|
|
|a unmediated
|b n
|2 rdamedia
|
| 338 |
|
|
|a volume
|b nc
|2 rdacarrier
|
| 490 |
1 |
|
|a Fisken og havet,
|x 0071-5638 ;
|v Nr. 4-1962
|
| 500 |
|
|
|a Cover title.
|
| 504 |
|
|
|a Includes bibliographical references.
|
| 650 |
|
0 |
|a Fishery research vessels
|z Norway.
|
| 650 |
|
0 |
|a Fishery research vessels
|z North Sea Region.
|
| 650 |
|
0 |
|a Oceanographic research stations
|z Norway.
|
| 650 |
|
0 |
|a Oceanographic research stations
|z North Sea Region.
|
| 710 |
2 |
|
|a Havforskningsinstituttet (Norway)
|
| 830 |
|
0 |
|a Fisken og havet ;
|v 1962, Nr. 4.
|
| 910 |
|
|
|a tp3107
|
| 947 |
|
|
|a A14831493699
|
| 994 |
|
|
|a C0
|b TXA
|
| 999 |
|
|
|a MARS
|
| 999 |
f |
f |
|s ac9a800b-989f-3d10-a786-fbbbdc7bfdfa
|i 2d23bafd-bc2c-378b-a1a0-8010d7b73462
|t 0
|
| 952 |
f |
f |
|p ric
|a Texas A&M University
|b Rellis Campus
|c Joint Library Facility
|d Remote Storage
|t 0
|e SH1 .F835 1962 nr.4
|h Library of Congress classification
|i unmediated -- volume
|m A14831493699
|
| 998 |
f |
f |
|a SH1 .F835 1962 nr.4
|t 0
|l Remote Storage
|